| 000 | 00406nam a22001457a 4500 | ||
|---|---|---|---|
| 082 |
_a358.271 _bKER _cL-28 P-20 |
||
| 100 |
_aKerry A.J _948908 |
||
| 245 |
_aThe History of the corps of Royal Canadian Engineers _cKerry |AJ |
||
| 250 | _aV-1 | ||
| 260 |
_aCanada _b|Thorn Press _c1949 |
||
| 300 |
_a289, P _bill. _c25cm |
||
| 526 |
_a0 _b0 _c0 _d358_271000000000000_KER |
||
| 650 |
_aMCE _9379 |
||
| 942 |
_2ddc _cBK |
||
| 999 |
_c551765 _d551765 |
||